00293nam a2200121Ia 4500008004100000100002000041245002200061260003000083300000800113650002600121942000700147999001700154190216s9999||||xx |||||||||||||| ||und|| aAleyamma Thomas 0aTales Of Our Time bMacmillan India Ltdc1986 a66p aEnglish Short Stories cBK c13434d13434